| 000 | 00405nam a2200121Ia 4500 | ||
|---|---|---|---|
| 008 | 220615s9999||||xx |||||||||||||| ||und|| | ||
| 245 | 0 |
_aGreen Chemistry _bEnvironmentally Benign Approaches |
|
| 546 | _aEnglish[eng] | ||
| 650 | _aPhysical chemistry | ||
| 700 | _aKidwai, Mazaahir||Kumar Mishra, Neeraj | ||
| 856 | _uhttps://mts.intechopen.com/storage/books/1529/authors_book/authors_book.pdf | ||
| 942 | _cEB | ||
| 999 |
_c14182 _d14182 |
||